Afghanistan in Different Languages - Statistics

General Stats
  • This quiz has been taken 9 times
  • The average score is 9 of 15
Answer Stats
"Afghanistan" Language Name(s) % Correct
أفغانستان Arabic
89%
Αφγανιστάν Greek
89%
아프가니스탄 Korean
89%
Afeganistão Portuguese
89%
Афганистан Russian/ Bulgarian
89%
Afganisztán Hungarian
78%
Афганістан Ukrainian
78%
আফগানিস্তান Bengali
67%
अफ़ग़ानिस्तान Hindi
67%
Աֆղանստան Armenian
44%
ავღანეთი Georgia
44%
Afganistanas Lithuanian
33%
ඇෆ්ගනිස්ථානය Sinhala
33%
Apganistan Tagalog
33%
Afgaanistaan Somali
22%
No matching quizzes found
Score Distribution
Percent of People with Each Score
Percentile by Number Answered
Your Score History
You have not taken this quiz